000 00582nam a2200229Ia 4500
003 OSt
005 20220918175617.0
006 a|||||r|||| 00| 0
007 ta
008 220917b |||||||| |||| 00| 0 eng d
024 _a18,185
037 _cTextual
040 _aARTS
_cARTS
_beng
041 _2eng
_aeng
082 _aO157,1M61:9, K3
100 _aBaldev Singh
_954518
245 0 _aTagore and the romantic ideology
260 _c1963
650 _aENGLISH LITERATURE
942 _hO157,1M61:9, K3
_cTEXL
_2CC
999 _c158318
_d158318